Developments in innovative daylighting. (Record no. 100531)
[ view plain ]
| 000 -LEADER | |
|---|---|
| fixed length control field | 00718cam a2200253 4500 |
| 008 - FIXED-LENGTH DATA ELEMENTS--GENERAL INFORMATION | |
| fixed length control field | 000000n2000 000 0 eng u |
| 020 ## - INTERNATIONAL STANDARD BOOK NUMBER | |
| International Standard Book Number | 1860813690 |
| 035 ## - SYSTEM CONTROL NUMBER | |
| System control number | (Sirsi) u106155 |
| 050 ## - LIBRARY OF CONGRESS CALL NUMBER | |
| Classification number | 729.28 |
| 100 ## - MAIN ENTRY--PERSONAL NAME | |
| Personal name | Littlefair, P. |
| 110 ## - MAIN ENTRY--CORPORATE NAME | |
| Corporate name or jurisdiction name as entry element | Building Research Establishment |
| 245 ## - TITLE STATEMENT | |
| Title | Developments in innovative daylighting. |
| 260 ## - PUBLICATION, DISTRIBUTION, ETC. | |
| Place of publication, distribution, etc. | London |
| Name of publisher, distributor, etc. | CRC |
| Date of publication, distribution, etc. | 2000 |
| 300 ## - PHYSICAL DESCRIPTION | |
| Extent | 6p. ; 30cm |
| 490 ## - SERIES STATEMENT | |
| Series statement | Information Paper |
| Volume/sequential designation | 9/00 |
| 650 ## - SUBJECT ADDED ENTRY--TOPICAL TERM | |
| Topical term or geographic name entry element | TRANSLUCENT LOUVRES |
| 650 ## - SUBJECT ADDED ENTRY--TOPICAL TERM | |
| Topical term or geographic name entry element | BLINDS |
| 650 ## - SUBJECT ADDED ENTRY--TOPICAL TERM | |
| Topical term or geographic name entry element | LIGHTING CONTROLS |
| 650 ## - SUBJECT ADDED ENTRY--TOPICAL TERM | |
| Topical term or geographic name entry element | ANIDOLIC CEILINGS |
| 650 ## - SUBJECT ADDED ENTRY--TOPICAL TERM | |
| Topical term or geographic name entry element | DAYLIGHTING |
| 690 ## - LOCAL SUBJECT ADDED ENTRY--TOPICAL TERM (OCLC, RLIN) | |
| Topical term or geographic name as entry element | BUILT ENVIRONMENT-CONSTRUCTION DESIGN |
| 856 ## - ELECTRONIC LOCATION AND ACCESS | |
| Uniform Resource Identifier | <a href="https://products.ihs.com/Ohsis-SEO/804008.html">https://products.ihs.com/Ohsis-SEO/804008.html</a> |
| 942 ## - ADDED ENTRY ELEMENTS (KOHA) | |
| Suppress in OPAC | 0 |
| Withdrawn status | Lost status | Source of classification or shelving scheme | Damaged status | Not for loan | Home library | Current library | Shelving location | Date acquired | Total Checkouts | Full call number | Barcode | Date last seen | Date last checked out | Copy number | Price effective from | Koha item type |
|---|---|---|---|---|---|---|---|---|---|---|---|---|---|---|---|---|
| Dewey Decimal Classification | London | London | Boxed set | 31/05/2000 | 1 | SHELF 323 | 30061402 | 06/08/2019 | 24/07/2001 | 1 | 06/08/2019 | Book |